| 000 | 00454nam a22001337a 4500 | ||
|---|---|---|---|
| 005 | 20141104111136.0 | ||
| 008 | 141104b xxu||||| |||| 00| 0 eng d | ||
| 100 | _aSHAW, Ping | ||
| 245 | _aRace and masculinity: A comparison of Asian and Western models in men's lifestyle magazine advertisements | ||
| 260 |
_aCalifornia _bSage _c2014 |
||
| 300 | _avol. 91 no. 1 pp. 118-138 | ||
| 440 | _aJournalism and Mass Communication Quarterly | ||
| 942 |
_2lcc _cART |
||
| 999 |
_c166266 _d166226 |
||